[Event "Porto Axis op"]
[Site "Porto"]
[Date "2014.03.16"]
[Round "6"]
[White "Coelho, Jorge Manuel"]
[Black "Bolhari, Orfeh Iraj"]
[Result "0-1"]
[WhiteElo "1912"]
[BlackElo "2119"]
[PlyCount "138"]
[EventDate "2014.03.11"]
[EventType "swiss"]
[EventRounds "7"]
[EventCountry "POR"]
[SourceTitle "EXT 2015"]
[Source "ChessBase"]
[SourceDate "2014.11.20"]
[SourceVersion "1"]
[SourceVersionDate "2014.11.20"]
[SourceQuality "1"]

1. d4 d5 2. c4 c6 3. Nf3 Nf6 4. e3 a6 5. Nc3 b5 6. b3 Bg4 7. Be2 e6 8. 0-0 Bb4 9. Bb2 Nbd7 10. a3 Bxc3 11. Bxc3 0-0 12. Bb4 Re8 13. Bd6 Ne4 14. Bg3 Ndf6 15. c5 Nc3 16. Qe1 Nxe2+ 17. Qxe2 Ne4 18. Rfc1 Qf6 19. Bf4 Qg6 20. Kh1 Qh5 21. a4 b4 22. Rg1 e5 23. Bxe5 Ng5 24. Qf1 Nxf3 25. gxf3 Bxf3+ 26. Rg2 Rxe5 27. dxe5 Qxe5 28. Rd1 Re8 29. Rd4 Bxg2+ 30. Kxg2 a5 31. Qa6 Qc7 32. e4 dxe4 33. Rxe4 Rd8 34. Qb6 Qd7 35. Re3 Qd5+ 36. Kg1 f5 37. Qc7 h6 38. h3 Kh7 39. Re5 Qd1+ 40. Kg2 Rd5 41. Re7 Qd4 42. Qxc6 Rxc5 43. Qb7 Rc2 44. Qf3 Qf6 45. Rb7 Rc3 46. Qd5 Qg5+ 47. Kh2 Qf4+ 48. Kg2 Qg5+ 49. Kh2 Qh5 50. Qg2 Qg5 51. Qxg5 hxg5 52. Rb5 Rxb3 53. Rxa5 Kg6 54. Rb5 f4 55. a5 Kh5 56. a6 Ra3 57. Rxb4 Rxa6 58. Rb7 Kg6 59. Rc7 Ra3 60. Rb7 Kh6 61. Rb6+ Kh5 62. Rb8 g4 63. Rh8+ Kg5 64. hxg4 Kxg4 65. Rb8 Kf3 66. Rb2 g5 67. Kg1 Ra1+ 68. Kh2 Rf1 69. Kh3 Rh1# 0-1

[Event "Porto district-ch qual"]
[Site "Matosinhos"]
[Date "2006.05.21"]
[Round "4"]
[White "Oliveira, Carlos Andre Ramalh"]
[Black "Coelho, Jorge Manuel"]
[Result "1/2-1/2"]
[WhiteElo "2089"]
[BlackElo "2035"]
[PlyCount "120"]
[EventDate "2006.05.13"]
[EventType "swiss"]
[EventRounds "6"]
[EventCountry "POR"]
[SourceTitle "EXT 2008"]
[Source "ChessBase"]
[SourceDate "2007.11.25"]
[SourceVersion "1"]
[SourceVersionDate "2007.11.25"]
[SourceQuality "1"]

1. e4 e5 2. Nf3 Nc6 3. Bb5 a6 4. Bxc6 dxc6 5. 0-0 f6 6. d4 exd4 7. Qxd4 Qxd4 8. Nxd4 Bd7 9. Be3 0-0-0 10. Nd2 Ne7 11. N4b3 f5 12. Nc5 b6 13. Nxd7 Rxd7 14. Rad1 fxe4 15. Nxe4 Rxd1 16. Rxd1 Nf5 17. Bg5 Nd6 18. Re1 Kd7 19. h4 h6 20. Bd2 Be7 21. Bc3 Rg8 22. h5 g6 23. Bf6 gxh5 24. Nc5+ bxc5 25. Rxe7+ Kc8 26. Re5 Rg6 27. Bh4 Nb5 28. Re8+ Kb7 29. b3 Rg4 30. g3 Nd6 31. Re5 c4 32. Rxh5 cxb3 33. axb3 Rg6 34. f4 Ne4 35. Kg2 Rd6 36. Re5 Rd2+ 37. Kf3 Nc3 38. f5 Rd1 39. f6 Nd5 40. Kg4 Rf1 41. Re6 Kc8 42. c4 Nb6 43. Re7 Nd7 44. f7 Rxf7 45. Rxf7 Ne5+ 46. Kf5 Nxf7 47. Kg6 Ne5+ 48. Kxh6 Kd7 49. Bf6 Ng4+ 50. Kg5 Nf2 51. Bd4 Ne4+ 52. Kf4 Nd2 53. b4 Nxc4 54. g4 Ke6 55. g5 Kf7 56. Ke4 Kg6 57. Kd3 Nb6 58. Be3 Nd5 59. Bd2 Nxb4+ 60. Bxb4 Kxg5 1/2-1/2